000 00782nam a2200229 i 4500
001 123940
003 ES-MaACL
005 20230906192258.0
007 t|
008 070214s1977 sp a |||| | spa d
100 1 _aRamírez Vázquez, José.
_995178
245 1 0 _aInstalaciones de baja tensión
_b: cálculo de líneas eléctricas /
_cJosé Ramírez Vázquez ; con la colaboración de D. Rafael Sánchez Martín.
250 _a2ª ed.
260 _aBarcelona :
_bCeac,
_c1977.
300 _a1216 p. :
_bil. ;
_c24 cm.
490 1 _aEnciclopedia Ceac de electricidad
650 0 4 _aLíneas eléctricas.
_914461
700 1 _aSánchez Martín, Rafael.
_9102762
830 0 _aEnciclopedia Ceac de electricidad
_9218979
852 _aES-MaACL
_jA-9946
999 _c123940
_d123940